000 00815cam a22002777a 4500
003 CHAP
005 20220329133742.0
008 971013s1930 r 00010 d
010 _a10368
011 _a11340
035 _a10578
040 _cCHAP
082 _a636.08
_bD35r
100 0 0 _aDale, Edward Everett.
_930933
245 1 4 _aThe range cattle industry
260 _aNorman :
_bUniversity of Oklahoma,
_c1930
300 _a216 p.
_b: ilus
590 _aBATCH-UPD
_b10
_c20130109
_lUCH01
_h2309
590 _aBATCH-UPD
_b10
_c20130110
_lUCH01
_h2100
590 _aCONVERSION
_b10
_c20130109
_lUCH01
_h1307
650 1 4 _aGanado vacuno
_xMercadeo.
_945481
650 1 4 _aGanado vacuno
_xMercadeo
_xE.U.A.
_945483
901 _aBK
942 _cLIBRO
949 _a636.08 D35r
_bBC
_cBPP
_d-22258
_eBPP
_h24171
_i10578
_si
999 _c10368
_d10368